000 00316nam a22001337a 4500
003 SGT
020 _a9789395009034
082 _a080
_bU22P
100 _aPRADHAN, DHARMENDRA
245 _aUNIVERSITY OF DELHI: A GLORIOUS JOURNEY 1922-2022
260 _bUNIVERSITY OF DELHI
_c2022
300 _a290
942 _2ddc
_cBK
999 _c31456
_d31456